000 00556nam a22001937a 4500
003 OSt
005 20180226165006.0
008 180226b xxu||||| |||| 00| 0 eng d
020 _a9780136629415
040 _c040a
082 _aQV 34
_bK569c 2005
100 _aKulkarni, S K
_912468
245 _aCannabinoids :
_bHandbook of experimental pharmacology /
_cS K Kulkarni
260 _aBerlin
_bSpringer
_c2005
300 _a762p;
_bill :
_c30 cm.
504 _aIncludes bibliographical references and index
650 _aPharmacology
_9357
942 _2z
_cSLOAN
999 _c6006
_d6006